| 000 | 00000nam 2200000za 4500 |
| 001 | 9.803493 |
| 003 | CaOODSP |
| 005 | 20221107135224 |
| 007 | cr ||||||||||| |
| 008 | 150814s2015 onc o f000 0 eng d |
| 040 | |aCaOODSP|beng |
| 043 | |an-cn--- |
| 086 | 1 |aRv55-5/2015-029E-PDF |
| 245 | 00|aContainer Bank Program (CBP) |h[electronic resource]. |
| 260 | |aOttawa : |bCanada Border Services Agency, |c2015. |
| 300 | |a6 p. |
| 490 | 1 |aCustoms notice ; |v15-029 |
| 500 | |aIssued also in French under title: Le présent avis des douanes fournit des renseignements à l’égard du Programme de dossiers pour contenants (PDC). |
| 500 | |a“Ottawa, July 24, 2015.” |
| 520 | |aThis customs notice provides information regarding the Container Bank Program (CBP). |
| 692 | 07|2gccst|aPackaging |
| 692 | 07|2gccst|aImports |
| 692 | 07|2gccst|aExports |
| 692 | 07|2gccst|aCustoms and excise |
| 710 | 2 |aCanada Border Services Agency. |
| 775 | 08|tProgramme de dossiers pour contenants (PDC) |w(CaOODSP)9.803494 |
| 830 | #0|aCustoms notice ;|v15-029|w(CaOODSP)9.504733 |
| 856 | 40|qPDF|s55 KB|uhttps://publications.gc.ca/collections/collection_2015/asfc-cbsa/Rv55-5-2015-029-eng.pdf |